|
|
|
|
| LEADER |
00000nam0a2200000 4500 |
| 001 |
322947 |
| 005 |
20231102003525.0 |
| 035 |
|
|
|a (RuTPU)RU\TPU\book\348505
|
| 090 |
|
|
|a 322947
|
| 100 |
|
|
|a 20161006d1969 k y0rusy50 ca
|
| 101 |
0 |
|
|a rus
|
| 102 |
|
|
|a RU
|
| 105 |
|
|
|a y dm 001zy
|
| 200 |
1 |
|
|a Электронное строение, спектры и некоторые физико-химические свойства алифатических и ароматических соединений
|e автореферат диссертации на соискание ученой степени доктора химических наук
|f В. И. Данилова
|g Томский государственный университет (ТГУ), Сибирский физико-технический институт им. В. Д. Кузнецова (СФТИ)
|
| 210 |
|
|
|a Томск
|c Изд-во Томского ун-та
|d 1969
|
| 215 |
|
|
|a 61 с.
|
| 300 |
|
|
|a Защита сост. 20.09.1969 г.
|
| 320 |
|
|
|a Библиогр.: с. 45-46
|
| 606 |
1 |
|
|a Ациклические соединения
|x Химия
|2 stltpush
|3 (RuTPU)RU\TPU\subj\29847
|9 53087
|
| 606 |
1 |
|
|a Ароматические соединения
|x Химия
|2 stltpush
|3 (RuTPU)RU\TPU\subj\76565
|9 87575
|
| 610 |
1 |
|
|a органическая химия
|
| 610 |
1 |
|
|a электронные спектры
|
| 610 |
1 |
|
|a поглощение
|
| 610 |
1 |
|
|a ИК-спектры
|
| 610 |
1 |
|
|a квантовая химия
|
| 610 |
1 |
|
|a молекулы
|
| 610 |
1 |
|
|a электронное строение
|
| 610 |
1 |
|
|a длинноволновые полосы
|
| 610 |
1 |
|
|a возбужденные состояния
|
| 610 |
1 |
|
|a реакционные способности
|
| 610 |
1 |
|
|a донорно-акцепторные взаимодействия
|
| 610 |
1 |
|
|a электрофильное замещение
|
| 610 |
1 |
|
|a нуклеофильное замещение
|
| 610 |
1 |
|
|a авторефераты диссертаций
|
| 610 |
1 |
|
|a библиотека А. Г. Стромберга
|
| 675 |
|
|
|a 547.2(04)
|v 3
|
| 675 |
|
|
|a 547.52(04)
|v 3
|
| 700 |
|
1 |
|a Данилова
|b В. И.
|
| 712 |
0 |
2 |
|a Томский государственный университет (ТГУ)
|b Сибирский физико-технический институт им. В. Д. Кузнецова (СФТИ)
|2 stltpush
|3 (RuTPU)RU\TPU\col\861
|
| 801 |
|
1 |
|a RU
|b 63413507
|c 20161006
|
| 801 |
|
2 |
|a RU
|b 63413507
|c 20181009
|g RCR
|
| 942 |
|
|
|c BK
|